| 000 | 01206cam a2200313 a 4500 | ||
|---|---|---|---|
| 999 |
_c13966 _d13966 |
||
| 003 | OSt | ||
| 005 | 20260305162846.0 | ||
| 008 | 040520s2004 enka b 000 0 eng | ||
| 020 | _a0470857293 | ||
| 020 | _a9780470857298 | ||
| 042 | _alccopycat | ||
| 050 | 0 | 0 |
_aNA2728 _b.D54 2004 |
| 082 | 0 | 4 |
_a720.1 _221 |
| 245 | 0 | 0 |
_aDigital tectonics / _cedited by Neil Leach, David Turnbull, Chris Williams. |
| 260 |
_aChichester, West Sussex, U.K. ; _aHoboken, NJ : _bWiley-Academy, _c2004. |
||
| 300 |
_a152 p. : _bill. (some col.) ; _c26 cm. |
||
| 504 | _aIncludes bibliographical references. | ||
| 650 | 0 | _aArchitectural design. | |
| 650 | 0 |
_aArchitecture _xComputer-aided design. |
|
| 650 | 0 |
_aMaterials _xComputer simulation. |
|
| 650 | 0 | _aArchitecture and technology. | |
| 700 | 1 | _aLeach, Neil. | |
| 700 | 1 |
_aTurnbull, David _c(Architect) |
|
| 700 | 1 |
_aWilliams, Chris _q(Chris J. K.) |
|
| 856 | 4 | 2 |
_3Contributor biographical information _uhttp://www.loc.gov/catdir/bios/wiley047/2004299604.html |
| 856 | 4 | 2 |
_3Publisher description _uhttp://www.loc.gov/catdir/description/wiley041/2004299604.html |
| 856 | 4 | 1 |
_3Table of contents _uhttp://www.loc.gov/catdir/toc/wiley041/2004299604.html |
| 942 | _2ddc | ||